<?xml version="1.0" encoding="UTF-8"?><?xml-stylesheet type="text/xsl" href="static/style.xsl"?><OAI-PMH xmlns="http://www.openarchives.org/OAI/2.0/" xmlns:xsi="http://www.w3.org/2001/XMLSchema-instance" xsi:schemaLocation="http://www.openarchives.org/OAI/2.0/ http://www.openarchives.org/OAI/2.0/OAI-PMH.xsd"><responseDate>2026-06-07T19:58:53Z</responseDate><request verb="GetRecord" identifier="oai:docta.ucm.es:20.500.14352/2606" metadataPrefix="marc">https://docta.ucm.es/rest/oai/request</request><GetRecord><record><header><identifier>oai:docta.ucm.es:20.500.14352/2606</identifier><datestamp>2024-12-18T16:03:02Z</datestamp><setSpec>com_20.500.14352_14</setSpec><setSpec>col_20.500.14352_16</setSpec></header><metadata><record xmlns="http://www.loc.gov/MARC21/slim" xmlns:dcterms="http://purl.org/dc/terms/" xmlns:xsi="http://www.w3.org/2001/XMLSchema-instance" xmlns:doc="http://www.lyncode.com/xoai" xsi:schemaLocation="http://www.loc.gov/MARC21/slim http://www.loc.gov/standards/marcxml/schema/MARC21slim.xsd">
   <leader>00925njm 22002777a 4500</leader>
   <datafield ind2=" " ind1=" " tag="042">
      <subfield code="a">dc</subfield>
   </datafield>
   <datafield ind2=" " ind1=" " tag="720">
      <subfield code="a">Llamas Ubieto, Miriam</subfield>
      <subfield code="e">author</subfield>
   </datafield>
   <datafield ind2=" " ind1=" " tag="720">
      <subfield code="a">Calvo González, María José</subfield>
      <subfield code="e">author</subfield>
   </datafield>
   <datafield ind2=" " ind1=" " tag="720">
      <subfield code="a">Cañadas García, Teresa</subfield>
      <subfield code="e">author</subfield>
   </datafield>
   <datafield ind2=" " ind1=" " tag="720">
      <subfield code="a">Ceballos Viro, Ignacio</subfield>
      <subfield code="e">author</subfield>
   </datafield>
   <datafield ind2=" " ind1=" " tag="720">
      <subfield code="a">Dotras Bravo, Alexia</subfield>
      <subfield code="e">author</subfield>
   </datafield>
   <datafield ind2=" " ind1=" " tag="720">
      <subfield code="a">García Carcedo, María Del Pilar</subfield>
      <subfield code="e">author</subfield>
   </datafield>
   <datafield ind2=" " ind1=" " tag="720">
      <subfield code="a">Goicoechea De Jorge, María</subfield>
      <subfield code="e">author</subfield>
   </datafield>
   <datafield ind2=" " ind1=" " tag="720">
      <subfield code="a">Larragueta Arribas, Marta</subfield>
      <subfield code="e">author</subfield>
   </datafield>
   <datafield ind2=" " ind1=" " tag="720">
      <subfield code="a">Maeding, Linda</subfield>
      <subfield code="e">author</subfield>
   </datafield>
   <datafield ind2=" " ind1=" " tag="720">
      <subfield code="a">Menéndez de la Cuesta González, Adrián</subfield>
      <subfield code="e">author</subfield>
   </datafield>
   <datafield ind2=" " ind1=" " tag="720">
      <subfield code="a">Pérez Fresno, Inés</subfield>
      <subfield code="e">author</subfield>
   </datafield>
   <datafield ind2=" " ind1=" " tag="720">
      <subfield code="a">Sánchez Gómez, Laura</subfield>
      <subfield code="e">author</subfield>
   </datafield>
   <datafield ind2=" " ind1=" " tag="720">
      <subfield code="a">Robles Pérez, María</subfield>
      <subfield code="e">author</subfield>
   </datafield>
   <datafield ind2=" " ind1=" " tag="720">
      <subfield code="a">Regueiro Salgado, Begoña A.</subfield>
      <subfield code="e">author</subfield>
   </datafield>
   <datafield ind2=" " ind1=" " tag="720">
      <subfield code="a">Sanz Cabrerizo, Amelia Del Rosario</subfield>
      <subfield code="e">author</subfield>
   </datafield>
   <datafield ind2=" " ind1=" " tag="720">
      <subfield code="a">Vidal Sanz, Rafael</subfield>
      <subfield code="e">author</subfield>
   </datafield>
   <datafield ind2=" " ind1=" " tag="720">
      <subfield code="a">Vollmeyer, Johanna</subfield>
      <subfield code="e">author</subfield>
   </datafield>
   <datafield ind2=" " ind1=" " tag="720">
      <subfield code="a">Yousri, Mohamed</subfield>
      <subfield code="e">author</subfield>
   </datafield>
   <datafield ind2=" " ind1=" " tag="260">
      <subfield code="c">2022-09</subfield>
   </datafield>
   <datafield ind2=" " ind1=" " tag="520">
      <subfield code="a">Presentamos el corpus de narrativa actual en alemán, catalán, español, francés, inglés y neerlandés, que ha sido utilizado para el estudio de características postdigitales en el marco del Proyecto de Investigación "REC-LIT. Reciclajes culturales: transliteraturas en la era postdigital" (2018-2022). Es una compilación abierta a la incorporación de obras aún no localizadas o que emerjan en la actualidad. No pretende ser, por tanto, exhaustivo, pero sí incorporar ejemplos de lo que llamamos narrativa postdigital, porque se compromete en su forma y/o contenido con la expresión de la condición postdigital en la que estamos inmersos, incluyendo también obras en las que solo algunos fragmentos o aspectos se corresponden con esta definición.
Entendemos por postdigital una condición que surge ‘después de’ la ruptura que supuso la revolución digital en la década de los 90 y en torno a la primera década del siglo XXI, debido a la expansión masiva de varias tecnologías digitales. Esta condición postdigital actual está caracterizada por una presencia cotidiana de lo digital y de la computerización, por su ubicuidad (integrada en el entorno y en los sujetos), así como por la conectividad permanente y las nuevas continuidades analógico-digitales. [Véanse: Glosario (https://www.ucm.es/rec-lit_observatorio_postdigital/conceptos-clave-glosario-y-cuadernos-del-ahora) y Cuadernos del ahora: Postdigital (https://eprints.ucm.es/id/eprint/61054/)].
Por ello, los criterios de selección de las obras han seguido varias coordenadas y formas de acotación: 
1) lingüística: en función de las lenguas en que trabajamos los miembros del proyecto, con la limitación que ello supone para alcanzar una escala global. 
2) temporal: desde aproximadamente 2003-2006, esto es, a partir de la conectividad permanente y de la incorporación integrada y cotidiana de lo digital (por la plataformización, la masificación de redes sociales y el smartphone), con especial atención a la última década. Nos preguntamos qué no podría haber sido narrado, o no así, antes de esas fechas. De forma aislada, algunas obras de esta condición surgieron "avant la lettre" y, por ello, las hemos incluido a pesar de ser de fecha anterior. Notemos también que, en diferentes espacios, lenguas y literaturas, el proceso hacia la condición postdigital se ha llevado a cabo en momentos distintos en función de la permeabilidad tecnológica, por lo que las fechas no siempre coindicen. 
3) temática, representacional y estética: obras en las que, de forma explícita o implícita, hay una presencia (o ausencia sospechosa) de tecnología y de prácticas postdigitales, sea en el contenido y su configuración, en aspectos formales o en la dimensión estética. Así buscamos huellas postdigitales en los marcos cognitivos e imaginarios que se emplean, en la concepción del espacio, de la memoria, del tiempo o del sujeto que subyacen, así como su función en la composición escénica y en la construcción narrativa. Interesan en particular aquellas que plantean una reflexión sobre lo postdigital y sus consecuencias o incluso una reflexividad tecnológica explícita.
4) calidad literaria: son obras que ofrecen respuestas a la pregunta de cómo se está narrando lo postdigital, independientemente de un posible juicio de valor literario.
5) genérica: son obras literarias (entendida la literariedad en sentido laxo) con un componente narrativo que puede ser híbrido y mezclarse con lírica o cómic. 
Así pues, hemos indagado en manifestaciones que, por su recepción, pudieran estarse adaptando a prácticas generalizadas en el medio postdigital dentro de la literatura infantil y juvenil, los posibles "bestsellers", las obras premiadas, las publicaciones de autores jóvenes, las obras de autores abiertamente comprometidos con la contemporaneidad tecnológica y también en el campo de la literatura electrónica para verificar si, dada su continua experimentación con las posibilidades tecnológicas, se tematizan particularmente las marcas postdigitales. 
Las obras de este corpus han servido, pues, de base para el estudio (cualitativo y cuantitativo) de marcas postdigitales en la narrativa contemporánea y para la configuración de una taxonomía de características postdigitales. [Véase la web del Observatorio en REC-LIT: https://www.ucm.es/rec-lit_observatorio_postdigital/].
Este estudio ha sido elaborado en el marco del Proyecto de Investigación "REC-LIT. Reciclajes culturales: transliteraturas en la era postdigital" (Referencia RTI2018-094607-B-I00) (MCI/AEI/FEDER, UE).</subfield>
   </datafield>
   <datafield ind1="8" ind2=" " tag="024">
      <subfield code="a">https://hdl.handle.net/20.500.14352/2606</subfield>
   </datafield>
   <datafield ind1="8" ind2=" " tag="024">
      <subfield code="a">https://www.ucm.es/rec-lit_observatorio_postdigital/conceptos-clave-glosario-y-cuadernos-del-ahora</subfield>
   </datafield>
   <datafield ind1="8" ind2=" " tag="024">
      <subfield code="a">https://www.ucm.es/rec-lit_observatorio_postdigital/glosario-postdigital-1</subfield>
   </datafield>
   <datafield ind1="8" ind2=" " tag="024">
      <subfield code="a">https://eprints.ucm.es/id/eprint/61054/</subfield>
   </datafield>
   <datafield ind1="8" ind2=" " tag="024">
      <subfield code="a">https://www.ucm.es/rec-lit_observatorio_postdigital/</subfield>
   </datafield>
   <datafield ind2="0" ind1="0" tag="245">
      <subfield code="a">Corpus de narrativa postdigital (2022)</subfield>
   </datafield>
</record></metadata></record></GetRecord></OAI-PMH>